| 000 | 00406nam a22001337a 4500 | ||
|---|---|---|---|
| 082 |
_a624.25 _bLEG _cL-19, P-6 |
||
| 100 |
_aLegat, A.W _943520 |
||
| 245 |
_aDesign and construction of reinforced concrete bridges / _cA.W, Legat |
||
| 260 |
_aLondon : _bConcrete Publication Limited, _c1948. |
||
| 300 | _avii, 515 p. : | ||
| 526 |
_a0 _b0 _c0 _d624_250000000000000_LEG |
||
| 650 |
_aMCE _9379 |
||
| 942 |
_2ddc _cBK |
||
| 999 |
_c547311 _d547311 |
||